|
|
|
|
| LEADER |
00000nam0a2200000 4500 |
| 001 |
305392 |
| 005 |
20231102001809.0 |
| 010 |
|
|
|a 3540101047
|
| 035 |
|
|
|a (RuTPU)RU\TPU\book\330660
|
| 090 |
|
|
|a 305392
|
| 100 |
|
|
|a 20150925d1980 km y0engy50 ba
|
| 101 |
0 |
|
|a eng
|
| 102 |
|
|
|a DE
|
| 105 |
|
|
|a a z 001zy
|
| 200 |
1 |
|
|a Inverse Scattering Problems in Optics
|f edited by H. P. Baltes
|
| 210 |
|
|
|a Berlin
|a New York
|c Springer-Verlag
|d 1980
|
| 215 |
|
|
|a 313 p.
|c il.
|
| 225 |
1 |
|
|a Topics in Current Physics
|
| 320 |
|
|
|a References: p. 290-297
|
| 320 |
|
|
|a Subject Index: p. 305-313
|
| 606 |
1 |
|
|a Оптика рассеивающих сред
|2 stltpush
|3 (RuTPU)RU\TPU\subj\47152
|9 66212
|
| 610 |
1 |
|
|a оптика
|
| 610 |
1 |
|
|a физика
|
| 610 |
1 |
|
|a обратные задачи
|
| 610 |
1 |
|
|a рассеивание
|
| 610 |
1 |
|
|a свет
|
| 610 |
1 |
|
|a обратное рассеяние
|
| 610 |
1 |
|
|a проблемы
|
| 610 |
1 |
|
|a анализ
|
| 610 |
1 |
|
|a фотоны
|
| 610 |
1 |
|
|a счет
|
| 610 |
1 |
|
|a статистика
|
| 610 |
1 |
|
|a сцинтилляционный спектрометр
|
| 610 |
1 |
|
|a фотодетектирование
|
| 610 |
1 |
|
|a оптимальная фильтрация
|
| 610 |
1 |
|
|a поляризация
|
| 610 |
1 |
|
|a электромагнетизм
|
| 610 |
1 |
|
|a дифракционный интеграл
|
| 610 |
1 |
|
|a английский язык
|
| 675 |
|
|
|a 535.36
|v 4
|
| 702 |
|
1 |
|a Baltes
|b H. P.
|4 340
|
| 801 |
|
1 |
|a RU
|b 63413507
|c 20150925
|
| 801 |
|
2 |
|a RU
|b 63413507
|c 20161207
|g RCR
|
| 942 |
|
|
|c BK
|